Sports Quiz

Random Sports Quiz

Dean Ambrose PPV Opponents Quiz Stats

Quiz not verified by Sporcle

Challenge
Share
Tweet
Embed
Score 0/48 Timer 10:00
0 Plays Today
PPV Answer % Correct
WrestleMania 29Randy Orton
96.2%
Extreme Rules 2014Randy Orton
96.2%
Payback 2014Randy Orton
96.2%
TLC 2012Kane
95.2%
Payback 2013Kane
95.2%
WrestleMania 30Kane
95.2%
Money in the Bank 2014Seth Rollins
94.2%
SummerSlam 2014Seth Rollins
94.2%
Hell in a Cell 2014Seth Rollins
94.2%
Elimination Chamber 2014Bray Wyatt
92.3%
Survivor Series 2014Bray Wyatt
92.3%
TLC 2014Bray Wyatt
92.3%
Royal Rumble 2014Roman Reigns
89.4%
Extreme Rules 2014Triple H
89.4%
Payback 2014Triple H
89.4%
Elimination Chamber 2013John Cena
88.5%
WrestleMania 29Big Show
88.5%
Extreme Rules 2014Batista
88.5%
Payback 2014Batista
88.5%
TLC 2012Daniel Bryan
87.5%
TLC 2012Ryback
82.7%
Elimination Chamber 2014Luke Harper
81.7%
Night of Champions 2013Dolph Ziggler
80.8%
Money in the Bank 2014Dolph Ziggler
80.8%
PPV Answer % Correct
Elimination Chamber 2014Erick Rowan
79.8%
Elimination Chamber 2013Sheamus
78.8%
WrestleMania 29Sheamus
78.8%
Extreme Rules 2013Kofi Kingston
77.9%
Money in the Bank 2014Kofi Kingston
77.9%
WrestleMania 30Billy Gunn
73.1%
Survivor Series 2013Cody Rhodes
72.1%
WrestleMania 30Road Dogg
72.1%
Survivor Series 2013Goldust
71.2%
Survivor Series 2013Jey Uso
71.2%
Survivor Series 2013Jimmy Uso
71.2%
TLC 2013CM Punk
71.2%
Money in the Bank 2013Jack Swagger
70.2%
Money in the Bank 2014Jack Swagger
70.2%
Money in the Bank 2013Cody Rhodes
69.2%
Money in the Bank 2014Rob Van Dam
66.3%
Money in the Bank 2013Cesaro
63.5%
Survivor Series 2013Rey Mysterio
62.5%
Money in the Bank 2013Damien Sandow
58.7%
Money in the Bank 2013Bad News Barrett
53.8%
Hell in a Cell 2013Big E
47.1%
Money in the Bank 2013Fandango
41.3%
Royal Rumble 2015
12.8%
Elimination Chamber 2013Ryabck
1.9%

You're not logged in!

Compare scores with friends on all Sporcle quizzes.
Sign Up with Email
OR
Log In

You Might Also Like...

Show Comments

Extras

Top Quizzes Today


Score Distribution

Your Account Isn't Verified!

In order to create a playlist on Sporcle, you need to verify the email address you used during registration. Go to your Sporcle Settings to finish the process.